| 000 | 00757nam a2200205 a 4500 | ||
|---|---|---|---|
| 005 | 20210223121028.0 | ||
| 008 | 991125s1950 ea 000 0 spa u | ||
| 035 | _aUPN01000011045 | ||
| 049 | _aF | ||
| 050 | 4 |
_aF1418 _bF64.2 |
|
| 111 | 2 | _aForo Estudiantil Interamericano | |
| 245 | 1 | 0 |
_aConozca a su vecino / _cForo Estudiantil Interamericano. |
| 260 |
_aWashington, D.C. : _bUnión Panamericana, _c[195-]. |
||
| 300 | _a40 p. | ||
| 500 | _a"Datos informativos para uso de los alumnos en la preparación de sus ensayos sobre "Lo que significa para mi país la Cooperación Interamericana" | ||
| 650 | 4 |
_aPANAMERICANISMO _917515 |
|
| 650 | 4 | _aTRATADOS Y CONVENCIONES INTERAMERICANOS | |
| 651 | 4 |
_aAMERICA - _xPOLITICA Y GOBIERNO _91414 |
|
| 905 | _aLibro | ||
| 999 |
_c11045 _d11045 |
||